Vorführung für den royalen Besuch. (Titelsatznr. 372340)
[ MARC ]
| 000 -Satzkennung | |
|---|---|
| Kontrollfeld mit fester Länge | 00730nab a2200193 4500 |
| 001 - Kontrollnummer | |
| Kontrollfeld | 90031 |
| 003 - Kontrollnummer Identifier | |
| Kontrollfeld | OSt |
| 005 - Datum und Zeit der letzten Transaktion | |
| Kontrollfeld | 20230411083243.0 |
| 007 - Feld mit fester Länge zur physischen Beschreibung - Allgemeine Information | |
| Kontrollfeld mit fester Länge | tu |
| 008 - Feld mit fester Länge zur physischen Beschreibung - Allgemeine Angaben | |
| Kontrollfeld mit fester Länge | 110905s2000||||||| |
| 040 ## - Katalogisierungsquelle | |
| Original-Katalogisierungsstelle | DE-2950 |
| Übertragungsstelle | DE-2950 |
| 245 00 - Titel | |
| Titel | Vorführung für den royalen Besuch. |
| Zusatz zum Titel | Staatsakt. Soldaten eines deutsch-britischen Bataillons üben auf dem Oder-Havel-Kanal Finowfurt den Aufbau einer schwimmenden Brücke. König Charles will bei seinem Besuch auch das persönliche Gespräch mit den Soldaten suchen / |
| Verfasserangabe etc. | Stephan Backert |
| 264 ## - Produktion, Veröffentlichung, Distribution, Herstellung und Urheberrechtsvermerk | |
| Datum der Herstellung, der Veröffentlichung, des Vertriebs oder des Urheberschutzvermerks | 2023 |
| 653 ## - Indexierungsterm - Nicht normiert | |
| Nicht-normierter Term | Finowfurt |
| 653 ## - Indexierungsterm - Nicht normiert | |
| Nicht-normierter Term | Militärbataillon |
| 653 ## - Indexierungsterm - Nicht normiert | |
| Nicht-normierter Term | Pontonbrücke |
| 773 0# - Übergeordnete Einheit | |
| Verknüpfungsangaben | 34. Jahrgang (2023) Nr. 76, 30.03.2023, S. 18: mit Foto |
| Titel | Märkische Oderzeitung |
| 942 ## - Zusätzliche Felder (Koha) | |
| Klassifikation oder Aufstellungssystematik | Andere/Generische Klassifikation |
| Koha-Medientyp | Aufsätze |
| Ausgeschieden | Verloren | Klassifikation oder Aufstellungssystematik | Beschädigt | Nicht entleihbar | Heimatbibliothek | Aufenthaltsbibliothek | Aufstellungsort | Erwerbungsdatum | Anzahl Ausleihen | Signatur | Letzte Aktivität | Preis gültig von | Koha-Medientyp |
|---|---|---|---|---|---|---|---|---|---|---|---|---|---|
| Andere/Generische Klassifikation | Stadtarchiv Frankfurt (Oder) | Archivbibliothek | Stadtarchiv Frankfurt (Oder) | Archivbibliothek | Magazin | 11/04/2023 | Z2 | 11/04/2023 | 11/04/2023 | Aufsätze |